Top 30 Aires d'attraction en France - Statistiques

Statistiques générales
  • Ce quiz a été pris 278 fois
  • Le résultat moyen est 26 sur 30
Statistiques - réponses
Population Région Ville(s) centre(s) % Correct
1 13 114 718 Ile de France Paris
100%
4 1 510 079 Hauts de France Lille
99%
2 2 280 845 Auvergne Rhône Alpes Lyon
99%
3 1 873 270 Provence Alpes Côte d'Azur Marseille
99%
6 1 363 711 Nouvelle Aquitaine Bordeaux
98%
7 1 011 020 Pays de la Loire Nantes
98%
13 615 126 Provence Alpes Côte d'Azur Nice
98%
10 755 668 Bretagne Rennes
98%
8 853 110 Grand Est Strasbourg
98%
5 1 454 158 Occitanie Toulouse
98%
9 801 595 Occitanie Montpellier
95%
11 717 469 Auvergne Rhône Alpes Grenoble
91%
19 472 161 Normandie Caen
90%
27 372 895 Bretagne Brest
89%
17 507 479 Auvergne Rhône Alpes Clermont-Ferrand
89%
14 573 230 Provence Alpes Côte d'Azur Toulon
89%
20 451 373 Centre Val de Loire Orléans
88%
12 705 627 Normandie Rouen
88%
24 412 189 Bourgogne Franche Comté Dijon
86%
28 370 889 Grand Est Metz
86%
16 510 306 Grand Est Nancy
85%
15 519 778 Centre Val de Loire Tours
83%
21 436 175 Pays de la Loire Angers
81%
18 498 849 Auvergne Rhône Alpes Saint-Etienne
81%
30 354 855 Grand Est Reims
80%
25 410 254 Grand Est Mulhouse
75%
23 415 266 Occitanie Perpignan
74%
29 368 509 Pays de la Loire Le Mans
73%
26 393 170 Provence Alpes Côte d'Azur Cannes-Antibes
51%
22 433 194 Auvergne Rhône Alpes Genève-Annemasse
29%
Aucun quiz correspondant
Distribution des résultats
% des personnes avec chaque résultat
Percentile par nombre de réponses
Votre historique - résultats
Vous n’avez pas pris ce quiz